[Event "Werther Schloss op-B 14th"]
[Site "Werther"]
[Date "2008.03.14"]
[Round "1"]
[White "Ruehmkorf, Hans Joachim"]
[Black "Dittrich, Meik"]
[Result "0-1"]
[WhiteElo "1923"]
[BlackElo "2064"]
[PlyCount "108"]
[EventDate "2008.03.14"]
[EventType "swiss"]
[EventRounds "5"]
[EventCountry "GER"]
[SourceTitle "EXT 2010"]
[Source "ChessBase"]
[SourceDate "2010.11.25"]
[SourceVersion "1"]
[SourceVersionDate "2010.11.25"]
[SourceQuality "1"]

1. e4 c5 2. Nf3 Nc6 3. d4 cxd4 4. Nxd4 g6 5. Be3 Nf6 6. Nc3 Bg7 7. Be2 0-0 8. Nb3 d6 9. 0-0 Ne5 10. f3 Bd7 11. Qd2 Rc8 12. Rad1 Qc7 13. Qd4 a6 14. Kh1 b5 15. Bc1 Nc4 16. Bxc4 Qxc4 17. Qe3 Rfe8 18. Rf2 b4 19. Rd4 Qc6 20. Rxb4 Rb8 21. Rxb8 Rxb8 22. Qd3 Qb7 23. Be3 a5 24. Nd1 a4 25. Nd4 e5 26. Ne2 d5 27. exd5 Nxd5 28. Bd2 Bf5 29. Qc4 Rc8 30. Qh4 Bxc2 31. Ndc3 Nxc3 32. Bxc3 Qd5 33. Ng1 Bf5 34. Rd2 Qa8 35. Qe7 Be6 36. Qd6 Qb8 37. Qe7 Bxa2 38. f4 Be6 39. Nf3 Bf8 40. Qh4 exf4 41. Qf6 Rxc3 42. bxc3 Qb1+ 43. Ng1 Qf5 44. Qd8 a3 45. Qa8 Qc5 46. Nf3 Qxc3 47. h4 Qb4 48. Rd4 Qb1+ 49. Kh2 a2 50. Rd8 Qb4 51. Ng5 Bb3 52. Rb8 Qa3 53. Qf3 a1Q 54. Rxb3 Q3c1 0-1

[Event "Werther Schloss op-A 10th"]
[Site "Werther"]
[Date "2004.04.02"]
[Round "1"]
[White "Siebrecht, Sebastian"]
[Black "Dittrich, Meik"]
[Result "1-0"]
[WhiteElo "2369"]
[BlackElo "2080"]
[PlyCount "80"]
[EventDate "2004.04.02"]
[EventType "swiss"]
[EventRounds "5"]
[EventCountry "GER"]
[SourceTitle "CBM 099 Extra"]
[Source "ChessBase"]
[SourceDate "2004.05.04"]
[SourceVersion "1"]
[SourceVersionDate "2004.05.04"]
[SourceQuality "1"]

1. d4 Nf6 2. Nf3 g6 3. c4 c5 4. d5 e6 5. Nc3 exd5 6. cxd5 d6 7. e4 Bg7 8. Qa4+ Bd7 9. Qb3 Qc7 10. Bc4 0-0 11. 0-0 a6 12. a4 b6 13. h3 Nh5 14. g4 Nf6 15. Bf4 h5 16. g5 Ne8 17. Kg2 f6 18. Ne2 Kh8 19. Nh4 Kh7 20. Qg3 f5 21. exf5 Bxf5 22. Nxf5 Rxf5 23. Bd3 Qf7 24. Qf3 Nd7 25. Bxf5 Qxf5 26. Ng3 Qf7 27. Rae1 b5 28. b3 bxa4 29. bxa4 Rb8 30. Re6 Nf8 31. Re4 h4 32. Nh1 Qxd5 33. Rd1 Qf5 34. Re7 Ne6 35. Be3 Qxf3+ 36. Kxf3 N6c7 37. Bf4 Rb3+ 38. Kg2 c4 39. Bxd6 Nxd6 40. Rxd6 Na8 1-0

[Event "Baunatal op 8th"]
[Site "Baunatal"]
[Date "2002.08.10"]
[Round "3"]
[White "Fankhaenel, Stefan"]
[Black "Dittrich, Meik"]
[Result "0-1"]
[WhiteElo "1664"]
[BlackElo "1972"]
[PlyCount "56"]
[EventDate "2002.08.09"]
[EventType "swiss"]
[EventRounds "7"]
[EventCountry "GER"]
[SourceTitle "EXT 2003"]
[Source "ChessBase"]
[SourceDate "2002.11.25"]
[SourceVersion "1"]
[SourceVersionDate "2002.11.25"]
[SourceQuality "1"]

1. d4 d5 2. c4 c6 3. Bf4 Nf6 4. e3 g6 5. h3 Bg7 6. Nf3 0-0 7. Be2 Ne4 8. Nbd2 Nd7 9. Ng5 Nxg5 10. Bxg5 Qe8 11. Qc2 e5 12. Nf3 dxc4 13. Qxc4 exd4 14. exd4 Nb6 15. Qc3 Nd5 16. Qd2 Be6 17. Bh6 f6 18. Bxg7 Kxg7 19. h4 h6 20. Nh2 Qe7 21. a3 Rad8 22. 0-0-0 b5 23. g4 b4 24. a4 c5 25. dxc5 Qxc5+ 26. Qc2 Qxf2 27. Rdf1 Qe3+ 28. Kd1 Nc3+ 0-1

[Event "Werther Schloss op-A 8th"]
[Site "Werther"]
[Date "2002.03.22"]
[Round "1"]
[White "Dittrich, Meik"]
[Black "Gehrke, Rolf"]
[Result "1-0"]
[WhiteElo "1921"]
[BlackElo "2143"]
[PlyCount "69"]
[EventDate "2002.03.22"]
[EventType "swiss"]
[EventRounds "5"]
[EventCountry "GER"]
[SourceTitle "CBM 087 Extra"]
[Source "ChessBase"]
[SourceDate "2002.05.03"]
[SourceVersion "2"]
[SourceVersionDate "2002.08.09"]
[SourceQuality "1"]

1. c4 Nf6 2. Nf3 c5 3. g3 d5 4. cxd5 Nxd5 5. Bg2 Nc6 6. 0-0 e6 7. d4 Bd7 8. e4 Nf6 9. d5 Na5 10. Nc3 Qb6 11. Qc2 Be7 12. Rd1 Rd8 13. d6 Bxd6 14. e5 Be7 15. exf6 Bxf6 16. Ne4 Be7 17. Be3 0-0 18. Nxc5 Qc7 19. Rac1 Nc6 20. Nxd7 Rxd7 21. Rxd7 Qxd7 22. Rd1 Qc7 23. Nd4 Qa5 24. Nxc6 bxc6 25. a3 Bf6 26. Qxc6 Bxb2 27. a4 h6 28. Qb5 Qc3 29. Bxa7 Qc2 30. Bf3 Rc8 31. a5 e5 32. Re1 Bc3 33. Rxe5 Bxe5 34. Qxe5 Qd2 35. Bd4 1-0

[Event "Werther Schloss op-A 7th"]
[Site "Werther"]
[Date "2001.04.08"]
[Round "4"]
[White "Dittrich, Meik"]
[Black "Aldag, Thomas"]
[Result "1-0"]
[WhiteElo "1915"]
[BlackElo "2089"]
[PlyCount "113"]
[EventDate "2001.04.06"]
[EventType "swiss"]
[EventRounds "5"]
[EventCountry "GER"]
[SourceTitle "EXT 2002"]
[Source "ChessBase"]
[SourceDate "2001.11.25"]
[SourceVersion "1"]
[SourceVersionDate "2001.11.25"]
[SourceQuality "1"]

1. c4 e5 2. Nc3 g6 3. Nf3 Bg7 4. e3 d6 5. d3 Nc6 6. Be2 Nf6 7. 0-0 0-0 8. Rb1 Ne8 9. b4 f5 10. b5 Ne7 11. d4 e4 12. Nd2 c6 13. Qb3 d5 14. Ba3 Be6 15. bxc6 bxc6 16. Bxe7 Qxe7 17. cxd5 cxd5 18. Nxd5 Qf7 19. Bc4 Kh8 20. Nf4 Bxc4 21. Qxc4 Nd6 22. Qxf7 Rxf7 23. Rfc1 Bh6 24. Kf1 Re8 25. Ke2 Bxf4 26. exf4 Rd7 27. Nb3 Nb5 28. Ke3 Nc7 29. g3 Nd5+ 30. Kd2 Nf6 31. Ke2 e3 32. f3 a5 33. a4 Rb8 34. Kxe3 Nd5+ 35. Kf2 Rdb7 36. Nd2 Nb4 37. Rc3 Rd8 38. Nb3 Na2 39. Rc5 Rdb8 40. Ra1 Nb4 41. Rd1 Na2 42. Rd2 Rxb3 43. Rxa2 Rd3 44. Rxa5 Rxd4 45. Ra7 Rdb4 46. a5 Rb2+ 47. Rxb2 Rxb2+ 48. Ke3 Rxh2 49. a6 Ra2 50. Kd4 Ra5 51. Kc4 h5 52. Kb4 Ra1 53. Kb5 g5 54. Rb7 gxf4 55. gxf4 Rb1+ 56. Kc6 Rc1+ 57. Kd6 1-0

[Event "Werther Schloss op-A 7th"]
[Site "Werther"]
[Date "2001.04.07"]
[Round "3"]
[White "Schormann, Conrad"]
[Black "Dittrich, Meik"]
[Result "1-0"]
[WhiteElo "2102"]
[BlackElo "1915"]
[PlyCount "47"]
[EventDate "2001.04.06"]
[EventType "swiss"]
[EventRounds "5"]
[EventCountry "GER"]
[SourceTitle "EXT 2002"]
[Source "ChessBase"]
[SourceDate "2001.11.25"]
[SourceVersion "1"]
[SourceVersionDate "2001.11.25"]
[SourceQuality "1"]

1. d4 d5 2. Nf3 e6 3. e3 c6 4. c4 f5 5. Bd3 Nf6 6. 0-0 Bd6 7. b3 Qe7 8. a4 a5 9. Ba3 Bxa3 10. Nxa3 0-0 11. Qe2 b6 12. Rfc1 Bb7 13. cxd5 cxd5 14. Nb5 Na6 15. Ne5 Nd7 16. f4 Rfc8 17. Qb2 Nb4 18. Bf1 Ba6 19. Nc7 Ra7 20. Nxa6 Rxc1 21. Qxc1 Nxe5 22. Nxb4 Qxb4 23. fxe5 Qxb3 24. Bb5 1-0